000 00789nam a2200253 i 4500
003 DO-SdBNP
005 20230630093437.0
006 a||||gr|||| 00| 0
007 ta
008 230629e1947 dr a|||| |||| 00| 0 pa d
040 _aDO-SdBNP
_bspa
_cBNPHU
_erda
082 4 _222
_bS333r
100 1 _922056
_aSchiffino, José
245 1 0 _aRiqueza forestal dominicana. /
_cJosé Schiffino
250 _a3a. edición
264 1 _aCiudad Trujillo :
_bMontalvo,
_c1947
300 _av. :
_bIlustraciones ;
_c24 cm.
336 _2rdaconten
_atexto
_btxt
337 _2rdeamedia
_asin medición
_bn
338 _2rdacarrier
_avolumen
_bnc
500 _aPublicaciones de la Secretaría de Estado de Agricultura, Pecuaria y Colonización.
590 _aInventariado 2023 / MF
942 _2ddc
_cLBS1
999 _c54016
_d54016